000 00286nam a22001217a 4500
020 _a0-85501-461-X
082 _a621.31042 MOR'G
100 _aMORGAN, A. T
_959970
245 _aGENERAL THEORY OF ELECTRICAL MACHINES
260 _aLONDON
_bHEYDEN
_c1979
300 _a448P
942 _cBK
999 _c569823
_d569823